La Moselle en images - Statistiques

Statistiques générales
  • Ce quiz a été pris 324 fois
  • Le résultat moyen est 10 sur 18
Statistiques - réponses
Par images Hint Réponse % Correct
Chef-lieu Metz
98%
Plat Quiche Lorraine
90%
Zoo Zoo d'Amnéville
87%
Musée Centre Pompidou-Metz
82%
Quotidien régional Le Républicain lorrain
81%
Haut fonctionnaire (mort en Moselle) Jean Moulin
79%
Sous-préfecture Thionville
79%
Parc animalier Sainte-Croix
67%
Grand-duché voisin Luxembourg
64%
Affluent de la Moselle / Land allemand voisin La Sarre
61%
Poète Paul Verlaine
51%
Restitution de 1919 Traité de {Versailles}
50%
Cathédrale Saint-Etienne de Metz
49%
Région naturelle Pays de {Bitche}
40%
Spécificité cultuelle Régime concordataire
19%
Ancien évêque Jules Mazarin
18%
Musée Musée de la Faïence de Sarreguemines
17%
Cession de 1871 Traité de {Francfort}
17%
Aucun quiz correspondant
Distribution des résultats
% des personnes avec chaque résultat
Percentile par nombre de réponses
Votre historique - résultats
Vous n’avez pas pris ce quiz